000 00369nam a22001337a 4500
082 _a344.5491
100 _aAli, Zaka
245 _aLaw of Factories:
_bAmended & Corrected /
_cZaka Ali
260 _aKarachi :
_bThe Ideal Publishers,
_c2016.
300 _a456 p. ;
_c24 cm.
942 _2ddc
_cBK
999 _c587159
_d587159